Differencial'nyje uravnenija s monotonnymi nelinejnostjami
Guardado en:
| Formato: | Libro |
|---|---|
| Lenguaje: | ruso |
| Publicado: |
Minsk
Nauka i technika
1986
|
| Edición: | 1. izd. |
| Etiquetas: |
Sin Etiquetas, Sea el primero en etiquetar este registro!
|
MARC
| LEADER | 00000nam a2200000 4500 | ||
|---|---|---|---|
| 001 | c028758 | ||
| 005 | 20260128072544.5 | ||
| 041 | 0 | |a rus | |
| 044 | |a BY | ||
| 245 | 1 | 0 | |a Differencial'nyje uravnenija s monotonnymi nelinejnostjami |c Jurij Valentinovič Trubnikov, Anatolij Ivanovič Perov |
| 250 | |a 1. izd. | ||
| 264 | 1 | |a Minsk |b Nauka i technika |c 1986 | |
| 300 | |a 198 s. | ||